| 000 | 00545nam a22001817a 4500 | ||
|---|---|---|---|
| 005 | 20251108164159.0 | ||
| 008 | 250721s1993 xx 000 0 ara d | ||
| 082 | 1 | 4 | _a342.083062/عكا |
| 100 | 1 | _aعبد العال، عكاشه محمد | |
| 245 | 1 | 0 |
_aأحكام الجنسية المصرية : _bدراسة مقارنة / |
| 264 |
_bدار الجامعه الجديده، _c1993. |
||
| 300 | _a480ص | ||
| 650 | 1 | 7 | _aالجنسية |
| 650 | 1 | 7 | _aالقانون الدستوري |
| 650 | 1 | 7 | _aمصر |
| 942 |
_2ddc _cBK |
||
| 999 |
_c5679 _d5679 |
||